000 01050nam a22003257a 4500
001 0015138
003 KOHA_MİRAKIL
005 20260207002018.0
007 ta
008 100315b1997 tu |||gr||||#||||1|tur |
020 _a9755180672
_c0,01
040 _aTR-BiSEU
_btur
_cTR-BiSEU
_erda
041 0 _atur
044 _ctu
050 _aPL111
_b.T87 1997
245 0 _aTürk dili ders notları 1/
_cGüven Kaya...[ve bşk.].
264 1 _aİstanbul :
_bBoğaziçi Üniversitesi
_c1997
300 _aiv, 335 sayfa: resimli; 25 cm.
336 _ametin
_btxt
_2rdacontent
337 _aaracısız
_bn
_2rdamedia
338 _acilt
_bnc
_2rdacarrier
500 _aKaynakça var.
650 0 _aTurkish language--Study and teaching.
_99665
650 0 _aTurkish language--Grammar.
_91903
650 0 _aTurkish language--Composition and exercises.
_912727
650 0 _aTürk dili--Ders çalışma ve öğretim.
_935147
650 0 _aTürk dili--Gramer.
_913266
650 0 _aTürk dili--Kompozisyon ve alıştırmalar.
_912724
942 _2lcc
_cBK
999 _c15101
_d15101